| 000 | 00632nam a2200169 a 4500 | ||
|---|---|---|---|
| 003 | 0 | ||
| 005 | 20250508144653.0 | ||
| 008 | 970101s19uu xx 00 eng d | ||
| 050 |
_aPHS LB 3012.3 _b.G74 2004 |
||
| 100 | _aGregorio, Jan. | ||
| 245 | _aA Comparative study of the perceptions of male and female teachers of Ann Arbor Montesorri High School regarding decipline / | ||
| 260 |
_aLas PiƱas City, Philippines : _bSouthville International School and Colleges, _c2004. |
||
| 300 |
_a30 pages : _billustrations ; _c28 cm. |
||
| 504 | _aIncludes bibliographical references. | ||
| 650 | _aSchool discipline. | ||
| 942 |
_2lcc _cPASS |
||
| 999 |
_c97119 _d97119 |
||